000 00900nam a22002297a 4500
001 48189
003 BD-RjUL
005 20211209054457.0
008 160813s2001 bg a|||| |||| 00| 0 ben d
020 _c: TK. 60.00
035 _a(BD-RjUL)48308
040 _aBD-RjUL
_beng
_cBD-RjUL
_dBD-RjUL
041 _aeng
082 _223
_a891.441
_bISM 2001
100 _aইসলাম, শেখ শাফীকুল
_9145983
245 _aমোহনা :
_bস্ব-নির্বাচিত শ্রেষ্ঠ কবিতা সংকলন /
_cশেখ শাফীকুল ইসলাম
260 _aমেহেরপুর :
_bমোছা : মালেকা পারফীন,
_c২০০১
300 _aছ, ১৪৮ পৃ. :
_bচিএ ;
_c২৪ সেমি.
650 _aবাংলা কবিতা
_9145984
650 _aBengali Poetry
_9145985
942 _2ddc
_cBK
999 _c48189
_d48189